000 01138nam a2200265Ia 4500
003 OSt
005 20221005105320.0
006 a|||||r|||| 00| 0
007 ta
008 221004b |||||||| |||| 00| 0 hin d
020 _a9788170545781 (hbk)
_c1200
024 _a13909
037 _bSP/3343, 19/03/2014, Star Publications Pvt. Ltd.
_cTextual
040 _aCRL
_cCRL
_bhin
041 _2hin
_ahin
082 _aO152(Y15),3:g, Q2
100 _aमेहरा, दिलीप, संपा.
245 0 _aहिन्दी महिला कथाकारों के साहित्य में नारी विमर्श
246 _aHindī mahilā kathākāroan ke sāhitya mean nārī vimarsha
260 _aनई दिल्ली
_bक्लासिकल पब्लिशिंग कम्पनी भारत
_c2012
300 _a415पृ0
_ccm.
650 _aहिन्दी साहित्य
942 _hO152(Y15),3:g, Q2
_cTEXL
_2cc
999 _c1015442
_d1015442